Solo Singers Anagrams - Statistics

General Stats
  • This quiz has been taken 33 times
  • The average score is 6 of 15
Answer Stats
Hint Answer % Correct
OLNOEHJTN Elton John
90%
LIBILILISEHE Billie Eilish
80%
NJNELONHNON John Lennon
80%
ICNINJMKIA Nicki Minaj
60%
ACJIHCESMKNLOA Michael Jackson
50%
IEARAGADRNA Ariana Grande
45%
FYITRLSAWTO Taylor Swift
40%
IDIVBEDWAO David Bowie
35%
EHADRENSE Ed Sheeran
35%
NOOTJSME Tom Jones
30%
PYECADURNIL Cyndi Lauper
20%
GNEMIYUKLEIO Kylie Minogue
20%
LOIOIAGDRVOIR Olivia Rodrigo
15%
NSEDRAMNMUO Donna Summer
10%
LAKRAJHWOC Jack Harlow
5%
No matching quizzes found
Score Distribution
Percent of People with Each Score
Percentile by Number Answered
Your Score History
You have not taken this quiz